| 000 | 00361nam a2200145Ia 4500 | ||
|---|---|---|---|
| 008 | 230917s9999||||xx |||||||||||||| ||und|| | ||
| 040 |
_e139566 _aMAIN |
||
| 041 | _aEnglish | ||
| 082 | _a005.1 P92M | ||
| 100 | _aPressman, Roger S | ||
| 245 | 0 | _aManagers Guide to software engineering | |
| 260 |
_aNewyork _bMcGraw-Hill _c1993 |
||
| 300 | _a52 p. | ||
| 942 | _cBK | ||
| 999 |
_c96830 _d96830 |
||